Statistics for Mystery Geography Fact No 6

Click here to take the quiz!

General Stats

  • This quiz has been taken 12 times
  • The average score is 3 of 7

Answer Stats

Answer% Correct
Largest
55%
Border
45%
With
45%
USA
36%
Shares
36%
Canada
36%
Its
27%

Score Distribution

Percentile by Number Answered

Percent of People with Each Score

Your Score History

You have not taken this quiz